|
|
|
|
| LEADER |
00000nam a2200000 a 4500 |
| 001 |
vtls001313061 |
| 003 |
SK-MaSNL |
| 005 |
20260301200054.0 |
| 008 |
240509s1997 xo ap r yy slo |
| 015 |
|
|
|a SNBA1998/04-01315
|
| 020 |
|
|
|a 8071374016
|c 38,00 Sk
|
| 035 |
|
|
|a SNK000265477
|
| 035 |
|
|
|a urn:nbn:sk:snk-amlti8
|
| 035 |
|
|
|a urn:nbn:sk:snk-am00ccy8
|
| 035 |
|
|
|a 0C85F0F2-9A37-4C42-9E6A-82596FB60E56
|
| 040 |
|
|
|a SNK
|b slo
|c SNK
|e AACR2
|
| 041 |
0 |
|
|a slo
|
| 044 |
|
|
|a xo
|c SK
|
| 080 |
|
|
|a 633(075.8)
|2 1981
|
| 100 |
1 |
|
|a Cigľár, Jozef,
|d 1936-2000
|4 aut
|9 5309
|
| 245 |
1 |
0 |
|a Všeobecná rastlinná výroba
|c J. Cigľar, R. Pospíšil, J. Smatana
|
| 250 |
|
|
|a 3. dopl. vyd.
|
| 260 |
|
|
|a V Nitre
|b Slovenská poľnohospodárska univerzita
|c 1997
|
| 300 |
|
|
|a 98 s.
|b tab.
|c 29 cm
|
| 504 |
|
|
|a Bibliogr. s. 98
|
| 650 |
0 |
7 |
|a rastlinná výroba
|2 SNK
|9 2835
|
| 655 |
|
7 |
|a Textbooks (higher)
|2 SNKPHeng
|9 276436
|
| 655 |
|
7 |
|a učebnice vysokých škôl
|2 SNKPH
|9 70191
|
| 700 |
1 |
|
|a Pospišil, Richard,
|d 1954-
|4 aut
|9 7530
|
| 700 |
1 |
|
|a Smatana, Jozef,
|d 1954-
|4 aut
|9 193078
|
| 752 |
|
|
|d Nitra
|
| 919 |
|
|
|a 80-7137-401-6
|
| 958 |
|
|
|a TL
|
| 958 |
|
|
|a NB
|
| 958 |
|
|
|a UV
|
| 999 |
|
|
|c 888821
|d 890751
|
| 952 |
|
|
|t P60, <03>, [BOOK], {603}
|a SNK
|b SNK
|y PREZ
|7 0
|p 17A0108177
|o snkSB 58002
|i snkKSP 11941/97
|0 0
|1 0
|4 0
|d 1997-12-03
|f 1
|l 0
|r 2025-04-09 00:00:00
|w 2026-02-24
|
| 952 |
|
|
|t P60, <04>, [BOOK], {604}
|a SNK
|b SNK
|y VYP
|7 0
|p 17A0108176
|o snkSB 58002 D1
|i snkKSP 11942/97
|0 0
|1 0
|4 0
|d 1997-12-03
|l 0
|r 2005-01-02 00:00:00
|w 2026-02-24
|